The nature and necessity of interest / (Record no. 7127)
[ view plain ]
| 000 -LEADER | |
|---|---|
| fixed length control field | 00561cam a22001931 4500 |
| 001 - CONTROL NUMBER | |
| control field | BD-DhSAU 7127 |
| 003 - CONTROL NUMBER IDENTIFIER | |
| control field | BD-DhSAU |
| 005 - DATE AND TIME OF LATEST TRANSACTION | |
| control field | 20150517164452.0 |
| 008 - FIXED-LENGTH DATA ELEMENTS--GENERAL INFORMATION | |
| fixed length control field | 770826s1903 enka 000 0 eng |
| 040 ## - CATALOGING SOURCE | |
| Original cataloging agency | BD-DhSAU |
| 082 ## - DEWEY DECIMAL CLASSIFICATION NUMBER | |
| Edition number | 22 |
| Classification number | 332.8 |
| Item number | PHT |
| 100 1# - MAIN ENTRY--PERSONAL NAME | |
| Personal name | Cassel, Gustav, |
| 245 14 - TITLE STATEMENT | |
| Title | The nature and necessity of interest / |
| Statement of responsibility, etc. | by G. Cassel ... |
| 260 ## - PUBLICATION, DISTRIBUTION, ETC. (IMPRINT) | |
| Place of publication, distribution, etc. | London : |
| Name of publisher, distributor, etc. | Macmillan and Co., limited , |
| Place of publication, distribution, etc. | New York : |
| Name of publisher, distributor, etc. | The Macmillan Company , |
| Date of publication, distribution, etc. | 1903. |
| 300 ## - PHYSICAL DESCRIPTION | |
| Extent | xii, 188 p.: |
| Other physical details | ill. ; |
| Dimensions | 23 cm. |
| 590 ## - Name of Cataloguer | |
| Name of Cataloger | IMRAN |
| 650 #0 - SUBJECT ADDED ENTRY--TOPICAL TERM | |
| Topical term or geographic name as entry element | Interest. |
| 942 ## - ADDED ENTRY ELEMENTS (KOHA) | |
| Source of classification or shelving scheme | Dewey Decimal Classification |
| Koha item type | Book |
| Withdrawn status | Lost status | Source of classification or shelving scheme | Damaged status | Not for loan | Home library | Branch Name | Shelving location | Date acquired | Total Checkouts | Full call number | Barcode | Date last seen | Price effective from | Koha item type |
|---|---|---|---|---|---|---|---|---|---|---|---|---|---|---|
| Dewey Decimal Classification | Not For Loan | SAU Library | SAU Library | Reference | 07/05/1979 | 332.8 PHT | 3106 | 17/05/2015 | 17/05/2015 | Book |
